000 nam a22 a 4500
999 _c2213
_d2213
003 AKMAL
005 20170515154716.0
008 170515s2000 my 00 may d
020 _a9676110248 (kkt.):
_cRM10.00
040 _aAKMAL
082 0 4 _a370.113 GHE
_221
090 0 0 _a370.113
_bCHE
245 1 0 _aPengurusan kerjaya /
_cChek Mat
260 _aKuala Lumpur :
_bUtusan Publications & Distributors,
_c2000
300 0 0 _avi, 148ms. :
_bil. ;
_c22cm
504 _aBibliografi: ms. 144-147
650 0 _aCareer development
_9568
942 _2ddc
_cBOOK